01346aab a2200205 i 4500001001000000003001000010005001700020008004100037040001900078041000800097100003000105245008100135520072700216546002300943650001300966650002100979650002901000650001101029773010001040768714001CO-MdFUSB20240809131450.0240809t2003 -us||||| |||| 00| 0 eng d bspacCO-MdFUSB aeng1 aBevans, Stephen B.eautor10aUnraveling a complex reality :bsix elements of missionc/ Stephen B. Bevans aAunque la predicación del Evangelio de Jesús y la historia de Jesús es un "objeto real" (RM 44), las palabras del sermón deben ser también relevantes para la persona real de la Iglesia. En un mundo dividido por conflictos religiosos, conflictos políticos y tragedias humanas, la Iglesia debe aceptar que el ministerio de Jesús nos fue confiado para la reconciliación y la paz (II c. 5:18-19).La misión encarna en última instancia la visión de un cielo nuevo y una tierra nueva, donde se enjugarán las lágrimas(Apocalipsis21:1-5) y todas las naciones oirán (Apocalipsis Jesús es el Hijo de Dios (Apocalipsis 10:1-15). Cristo es Señor (Filipenses 2:11), y Dios es todo en todos (1 Cor 15:28). aTexto en inglés. 0aMisiones 0aEvangelización 7aHermenéutica bíblica 0aBiblia0 tInternational Bulletin049483gVolumen 27, (número 2, 2003), páginas: 50 - 53qpágina: 50